<?xml version="1.0" encoding="UTF-8"?>
<record
    xmlns:xsi="http://www.w3.org/2001/XMLSchema-instance"
    xsi:schemaLocation="http://www.loc.gov/MARC21/slim http://www.loc.gov/standards/marcxml/schema/MARC21slim.xsd"
    xmlns="http://www.loc.gov/MARC21/slim">

  <leader>00178nam a2200085   4500</leader>
  <controlfield tag="001">1237760</controlfield>
  <controlfield tag="005">20251003120843.0</controlfield>
  <datafield tag="245" ind1=" " ind2=" ">
    <subfield code="a">KATIRARSLAN</subfield>
    <subfield code="c">CAH&#x130;T ZAR&#x130;FO&#x11E;LU</subfield>
  </datafield>
  <datafield tag="260" ind1=" " ind2=" ">
    <subfield code="b">BEYAN</subfield>
  </datafield>
  <datafield tag="999" ind1=" " ind2=" ">
    <subfield code="c">1237760</subfield>
    <subfield code="d">1237760</subfield>
  </datafield>
  <datafield tag="952" ind1=" " ind2=" ">
    <subfield code="0">0</subfield>
    <subfield code="1">0</subfield>
    <subfield code="2">ddc</subfield>
    <subfield code="4">0</subfield>
    <subfield code="7">0</subfield>
    <subfield code="a">1026</subfield>
    <subfield code="b">1026</subfield>
    <subfield code="d">2025-10-03</subfield>
    <subfield code="l">0</subfield>
    <subfield code="o">W6</subfield>
    <subfield code="p">102620050</subfield>
    <subfield code="r">2025-10-03 12:09:23</subfield>
    <subfield code="w">2025-10-03</subfield>
    <subfield code="y">BK</subfield>
  </datafield>
</record>
